000 01219cam a2200253 i 4500
003 SA-RiAUC
005 20251221124844.0
008 251127s1997 su g b 00010 ara c
040 _aSA-JeALM
_bara
_cSA-RiAUC
_erda
082 0 4 _a016.258
090 _a016.258
_bج ا م
110 2 _aالجامعة الإسلامية بالمدينة المنورة.
_bعمادة شؤون المكتبات
_eمؤلف.
245 1 0 _aفهرس كتب الفقه الشافعي والحنبلي وفقه المذاهب الأخرى /
_cإعداد عمادة شؤون المكتبات، الجامعة الإسلامية.
264 1 _aالمدينة المنورة :
_bالجامعة الإسلامية، عمادة شؤون المكتبات،
_c1997
300 _a499 صفحة ؛
_c28 سم .
336 _aنص
_btxt
_2rdacontent
_3كتاب
337 _aبدون وسيط
_bn
_2rdamedia
650 7 _aالفقه الشافعي
_vببليوجرافيات
_2aucsh
650 7 _aالفقه الحنبلي
_vببليوجرافيات
_2aucsh
650 7 _aالفقه الإسلامي
_xمذاهب
_vببليوجرافيات
_2aucsh
942 _2ddc
_cBOOK
_n0
949 _aSA-JeALM
_d251127
_uosman123
_n1
999 _c13605
_d13605